Experimentálne overenie ohybovej odolnosti filigránových dosiek s nadbetonávkou z recyklovaného kameniva

Na minha lista:
Detalhes bibliográficos
Autor principal: Štefanka, Juraj (Author)
Outros Autores: Hollý, Ivan (Thesis advisor)
Formato: Manuscrito Livro
Idioma:eslovaco
Publicado em: 2025
Assuntos:
Acesso em linha:http://is.stuba.sk/zp/portal_zp.pl?podrobnosti=182554
CRZP
Tags: Adicionar Tag
Sem tags, seja o primeiro a adicionar uma tag!

MARC

LEADER 00000ntm a22000003a 4500
001 stuzp105978
003 SK-STU
005 20250801111219.3
007 ta
008 150427s2015----xo-----f-mn---000-0-slo-d
040 |a STU  |b slo 
041 0 |a slo 
100 1 |a Štefanka, Juraj  |u 010110  |4 aut  |U SvF Stavebná fakulta  |T SvF Katedra betónových konštrukcií a mostov  |X 110103  |U V110  |Y 11  |7 110103 
242 0 1 |a Experimental verification of the bending resistance of filigree slabs with a topping made from recycled aggregate concrete  |y eng 
245 1 0 |a Experimentálne overenie ohybovej odolnosti filigránových dosiek s nadbetonávkou z recyklovaného kameniva 
260 |c 2025 
650 4 |a administrative building  |2 eng 
650 4 |a recycled aggregate  |2 eng 
650 4 |a sustainable construction  |2 eng 
650 4 |a filigree slab  |2 eng 
650 4 |a bending resistance  |2 eng 
650 4 |a administratívna budova  |2 slo 
650 4 |a recyklované kamenivo  |2 slo 
650 4 |a udržateľné stavebníctvo  |2 slo 
650 4 |a filigránový strop,  |2 slo 
650 4 |a ohybová odolnosť  |2 slo 
700 1 |a Hollý, Ivan  |u 010110  |k Z1  |4 ths  |U SvF Stavebná fakulta  |T SvF Katedra betónových konštrukcií a mostov  |X 20766  |U V110  |Y 11  |7 A000020766 
856 4 |u http://is.stuba.sk/zp/portal_zp.pl?podrobnosti=182554 
856 4 |u https://opac.crzp.sk/?fn=detailBiblioForm&sid=226A7A544DA3649F6B593BE9F6D0  |z CRZP